| 000 | 01751nam a2200361 a 4500 | ||
|---|---|---|---|
| 001 | BRCA_4983 | ||
| 005 | 20190320204904.0 | ||
| 008 | 281010m17921793mx-######v---#000-0#spa-# | ||
| 041 | _aspa | ||
| 044 | _amx | ||
| 084 |
_aDOC80 _b.B67 _c1792 |
||
| 100 | 1 |
_aBorda, Manuel de la _912686 |
|
| 245 | 1 | 0 |
_aDocumento de la herencia del Doctor Manuel de la Borda _cManuel de la Borda ... [et al.]. |
| 260 |
_aMéxico _c1792-1793 |
||
| 300 |
_a[11] fojas _c31 x 21 cm |
||
| 500 | _aDocumento expedido en 1792 | ||
| 500 | _aConstancia de que el Licenciado Don Juan José de Barberi, abogado de la Real Audencia, apoderado general de Doña María Martiana Velázquez, albacea y tenedora de bienes del Dr. Manuel de la Borda, certifica que dicho Doctor, nombro heredos a Don Manuel de la Borda y Don José Manuel, sus hermanos. Firma el religioso Pedro Rodríguez Calvo | ||
| 500 | _aEl documento tiene la leyenda DOC. #240 | ||
| 500 | _aAl margen tiene sello con escudo español y leyenda: SELLO SEGUNDO SEIS REALES AÑOS DE MIL SETESCIENTOS NOVENTA Y DOS Y NOVENTA Y TRES | ||
| 500 | _aPapel con marca de agua | ||
| 500 | _aEstado de conservación: Contiene en los márgenes roturas | ||
| 506 | 0 | _aFondo reservado: para su consulta es necesario credencial de usuario y carta de motivos | |
| 546 | _aTexto en: español a finales del siglo XVIII | ||
| 600 | 1 | 4 |
_aBorda, Manuel de la _912686 |
| 651 | 4 |
_aMéxico _vManuscrito _xHistoria _yColonia, 1521-1821 _912687 |
|
| 700 | 1 |
_aBarberi, Juan José _912688 |
|
| 700 | 1 |
_aVelázquez, María Matiana _912689 |
|
| 700 | 1 |
_aBorda, Manuel José de la _912690 |
|
| 700 | 1 |
_aBorda, José Manuel de la _912691 |
|
| 700 | 1 |
_aRodríguez Calvo, Pedro _cReligioso _912692 |
|
| 902 | _aFDH | ||
| 942 |
_2lcc _cD |
||
| 999 |
_c4677 _d4677 |
||